[Event "Iranian Men Championship Final 1399"]
[Site "Tehran"]
[Date "2021.04.11"]
[Round "12"]
[Board "5"]
[White "Ghaem Maghami, Ehsan"]
[Black "Mosadeghpour, Masoud"]
[Result "1/2-1/2"]
[WhiteElo "2561"]
[BlackElo "2498"]
[PlyCount "0"]
[EventDate "2021.04.05"]
[EventRounds "15"]
[EventCountry "IRI"]

1. c4 {[%clk 1:19:36]} e6 {[%clk 1:27:25]} 2. Nc3 {[%clk 1:18:07]} d5 3. d4
{[%clk 1:15:17]} Nf6 {[%clk 1:27:44]} 4. cxd5 {[%clk 1:10:45]} exd5
{[%clk 1:27:54]} 5. Bg5 {[%clk 1:09:18]} Be6 {[%clk 1:27:18]} 6. e3
{[%clk 1:07:59]} Nbd7 7. Bd3 {[%clk 1:06:56]} h6 {[%clk 1:22:34]} 8. Bh4
{[%clk 1:01:18]} c6 {[%clk 1:17:51]} 9. Nf3 {[%clk 0:54:13]} Bd6 {[%clk 1:06:29]}
10. Qc2 O-O {[%clk 1:02:00]} 11. Bg3 {[%clk 0:48:15]} Qb8 {[%clk 0:57:51]} 12.
O-O Nh5 {[%clk 0:41:52]} 13. Bxd6 {[%clk 0:41:15]} Qxd6 {[%clk 0:42:10]} 14. b4
{[%clk 0:39:28]} b5 {[%clk 0:35:06]} 15. a4 {[%clk 0:34:39]} a6 {[%clk 0:34:47]}
16. Na2 {[%clk 0:30:43]} Rac8 {[%clk 0:16:08]} 17. a5 {[%clk 0:28:13]} g5
{[%clk 0:14:32]} 18. Qc3 {[%clk 0:25:39]} f5 {[%clk 0:12:50]} 19. Nc1
{[%clk 0:22:15]} Nhf6 20. Ne5 {[%clk 0:18:12]} Nxe5 {[%clk 0:04:37]} 21. dxe5
{[%clk 0:17:53]} d4 {[%clk 0:05:05]} 22. Qxd4 {[%clk 0:17:27]} Qxd4
{[%clk 0:05:27]} 23. exd4 {[%clk 0:17:45]} Nd5 {[%clk 0:05:55]} 24. Na2
{[%clk 0:14:33]} Nf4 {[%clk 0:05:39]} 25. Rfd1 {[%clk 0:14:34]} Bb3
{[%clk 0:04:27]} 26. Rd2 {[%clk 0:14:45]} Rcd8 {[%clk 0:04:36]} 27. Bf1 Ne6
{[%clk 0:00:35]} 28. Nc1 {[%clk 0:12:58]} Bc4 {[%clk 0:00:37]} 29. Bxc4
{[%clk 0:12:39]} bxc4 {[%clk 0:01:06]} 30. Ne2 {[%clk 0:11:36]} Rb8 31. Rb1
{[%clk 0:09:00]} Rfd8 {[%clk 0:01:54]} 32. Rbb2 Nf4 {[%clk 0:01:30]} 33. Nxf4
{[%clk 0:06:04]} c3 {[%clk 0:01:47]} 34. Ne6 cxd2 {[%clk 0:01:26]} 35. Rxd2
{[%clk 0:06:59]} Rxb4 {[%clk 0:01:48]} 36. g4 Rd5 {[%clk 0:00:47]} 37. gxf5
{[%clk 0:07:44]} c5 {[%clk 0:01:07]} 38. Rc2 {[%clk 0:01:24]} Rbxd4
{[%clk 0:01:36]} 39. Nxd4 {[%clk 0:01:23]} cxd4 {[%clk 0:01:09]} 40. Rc8+
{[%clk 0:00:50]} Kh7 {[%clk 0:01:25]} 41. Rc7+ {[%clk 0:00:42]} Kg8
{[%clk 0:00:36]} 42. e6 {[%clk 0:00:39]} Rxf5 {[%clk 0:00:40]} 43. Rd7
{[%clk 0:00:48]} Re5 {[%clk 0:01:05]} 44. Rxd4 Rxe6 {[%clk 0:01:22]} 45. Rd8+
{[%clk 0:00:50]} Kf7 {[%clk 0:01:43]} 46. Rd7+ {[%clk 0:00:36]} Kf6
{[%clk 0:01:04]} 47. Rb7 {[%clk 0:00:52]} Kf5 {[%clk 0:01:29]} 48. Kg2
{[%clk 0:00:39]} h5 {[%clk 0:01:44]} 49. Rb6 Ke5 50. Rb8 Kd5 51. Rh8 h4 52. f4
gxf4 53. Kf3 Re3+  1/2-1/2

[Event "Iranian Men Championship Final 1399"]
[Site "Tehran"]
[Date "2021.04.11"]
[Round "12"]
[Board "6"]
[White "Veisi, Bardia"]
[Black "Jahedi, Mani"]
[Result "0-1"]
[WhiteElo "2273"]
[BlackElo "2201"]
[PlyCount "0"]
[EventDate "2021.04.05"]
[EventRounds "15"]
[EventCountry "IRI"]

1. Nf3 {[%clk 1:29:19]} Nf6 {[%clk 1:29:46]} 2. g3 {[%clk 1:22:39]} e6
{[%clk 1:29:52]} 3. Bg2 {[%clk 1:22:48]} d5 {[%clk 1:30:16]} 4. O-O
{[%clk 1:23:08]} Be7 {[%clk 1:30:41]} 5. c4 {[%clk 1:23:01]} O-O {[%clk 1:31:02]}
6. d4 {[%clk 1:21:52]} dxc4 {[%clk 1:31:10]} 7. Qc2 {[%clk 1:21:52]} b5
{[%clk 1:31:11]} 8. a4 {[%clk 1:21:44]} b4 {[%clk 1:31:29]} 9. Nfd2
{[%clk 1:17:31]} b3 {[%clk 1:29:58]} 10. Qxc4 {[%clk 1:17:18]} Ba6
{[%clk 1:29:21]} 11. Qxb3 {[%clk 1:17:34]} c6 {[%clk 1:29:41]} 12. Nc3
{[%clk 1:08:56]} Nd5 {[%clk 1:23:15]} 13. Re1 {[%clk 1:05:10]} Nd7
{[%clk 1:16:09]} 14. Nf3 {[%clk 1:00:10]} Rb8 {[%clk 0:57:54]} 15. Qc2
{[%clk 0:59:41]} Qb6 {[%clk 0:48:19]} 16. Bf1 {[%clk 0:50:13]} Nb4
{[%clk 0:39:37]} 17. Qd1 {[%clk 0:45:42]} c5 {[%clk 0:36:12]} 18. Bf4
{[%clk 0:37:18]} Rbd8 {[%clk 0:32:13]} 19. a5 {[%clk 0:36:35]} Qc6
{[%clk 0:25:37]} 20. Bg2 {[%clk 0:33:26]} Bb7 {[%clk 0:24:56]} 21. e3
{[%clk 0:23:27]} e5 {[%clk 0:13:04]} 22. d5 {[%clk 0:07:57]} Qd6 {[%clk 0:10:11]}
23. e4 {[%clk 0:07:21]} exf4 {[%clk 0:07:45]} 24. e5 {[%clk 0:07:20]} Qh6
{[%clk 0:06:44]} 25. d6 {[%clk 0:07:19]} Bxf3 {[%clk 0:06:50]} 26. Qxf3
{[%clk 0:06:16]} Bg5 {[%clk 0:07:16]} 27. h4 {[%clk 0:06:15]} fxg3
{[%clk 0:07:02]} 28. hxg5 {[%clk 0:06:20]} gxf2+ {[%clk 0:07:24]} 29. Qxf2
{[%clk 0:05:35]} Qxg5 {[%clk 0:07:47]} 30. Re3 {[%clk 0:04:33]} Nc2
{[%clk 0:07:02]} 31. Rg3 {[%clk 0:04:35]} Qxe5 {[%clk 0:07:16]} 32. Rd1
{[%clk 0:04:40]} Nf6 {[%clk 0:06:29]} 33. Rgd3 {[%clk 0:02:31]} Nd4
{[%clk 0:04:16]} 34. Rxd4 {[%clk 0:02:51]} cxd4 {[%clk 0:04:40]} 35. Qxd4
{[%clk 0:03:19]} Qxa5 {[%clk 0:04:47]} 36. Rd3 {[%clk 0:03:06]} Rfe8
{[%clk 0:04:36]} 37. Rg3 {[%clk 0:03:03]} Qe5 {[%clk 0:04:27]} 38. Qh4
{[%clk 0:03:17]} Rxd6 {[%clk 0:04:35]}  0-1

[Event "Iranian Men Championship Final 1399"]
[Site "Tehran"]
[Date "2021.04.11"]
[Round "12"]
[Board "7"]
[White "Maghsoodloo, Parham"]
[Black "Gholami Orimi, Mahdi"]
[Result "1-0"]
[WhiteElo "2676"]
[BlackElo "2428"]
[PlyCount "0"]
[EventDate "2021.04.05"]
[EventRounds "15"]
[EventCountry "IRI"]

1. d4 {[%clk 1:27:31]} Nf6 {[%clk 1:30:51]} 2. c4 {[%clk 1:27:46]} e6
{[%clk 1:31:12]} 3. Nc3 {[%clk 1:28:11]} Bb4 {[%clk 1:31:32]} 4. e3
{[%clk 1:28:37]} O-O {[%clk 1:31:18]} 5. Bd2 {[%clk 1:29:02]} d5 {[%clk 1:31:01]}
6. Nf3 {[%clk 1:29:13]} c5 {[%clk 1:26:50]} 7. a3 {[%clk 1:29:39]} Bxc3
{[%clk 1:25:30]} 8. Bxc3 {[%clk 1:30:08]} cxd4 {[%clk 1:22:43]} 9. Nxd4
{[%clk 1:26:13]} Ne4 {[%clk 1:19:13]} 10. Rc1 {[%clk 1:24:07]} e5
{[%clk 1:09:58]} 11. Nf3 {[%clk 1:22:17]} Nxc3 {[%clk 1:07:31]} 12. Rxc3
{[%clk 1:22:40]} d4 {[%clk 1:00:30]} 13. exd4 {[%clk 1:23:05]} e4
{[%clk 1:00:54]} 14. Ng1 {[%clk 1:13:15]} Nc6 {[%clk 1:00:57]} 15. d5
{[%clk 1:13:39]} Ne5 {[%clk 1:01:10]} 16. Be2 {[%clk 1:10:31]} Re8
{[%clk 0:59:58]} 17. Qd4 {[%clk 1:02:44]} Bf5 {[%clk 0:49:45]} 18. h4
{[%clk 0:59:22]} Qd7 {[%clk 0:45:42]} 19. Kf1 {[%clk 0:58:20]} Qa4
{[%clk 0:37:33]} 20. b4 {[%clk 0:49:00]} Rad8 {[%clk 0:35:27]} 21. Nh3 Nd3
{[%clk 0:25:21]} 22. g4 {[%clk 0:43:13]} Bd7 {[%clk 0:24:12]} 23. Kg2
{[%clk 0:40:24]} Qa6 {[%clk 0:21:23]} 24. Bxd3 {[%clk 0:35:45]} exd3
{[%clk 0:20:53]} 25. Rxd3 {[%clk 0:30:04]} f5 {[%clk 0:20:41]} 26. b5
{[%clk 0:24:43]} Qa4 {[%clk 0:19:07]} 27. gxf5 {[%clk 0:23:31]} Bxf5
{[%clk 0:19:02]} 28. Rg3 {[%clk 0:23:54]} Rd7 {[%clk 0:18:48]} 29. Re3
{[%clk 0:22:13]} Rf8 {[%clk 0:15:12]} 30. d6 {[%clk 0:19:19]} Qc2
{[%clk 0:13:57]} 31. Ng5 {[%clk 0:18:40]} h6 {[%clk 0:09:16]} 32. Re7
{[%clk 0:18:31]}  1-0

[Event "Iranian Men Championship Final 1399"]
[Site "Tehran"]
[Date "2021.04.11"]
[Round "12"]
[Board "8"]
[White "Nikookar, Mahdi"]
[Black "Mousavi, Seyed Khalil"]
[Result "0-1"]
[WhiteElo "2239"]
[BlackElo "2522"]
[PlyCount "0"]
[EventDate "2021.04.05"]
[EventRounds "15"]
[EventCountry "IRI"]

1. d4 {[%clk 1:30:46]} e6 {[%clk 1:28:14]} 2. Nf3 {[%clk 1:29:29]} b6
{[%clk 1:26:41]} 3. e4 {[%clk 1:29:34]} Bb7 {[%clk 1:27:05]} 4. Bd3
{[%clk 1:28:25]} d5 {[%clk 1:26:52]} 5. Qe2 {[%clk 1:27:26]} Nf6 {[%clk 1:26:30]}
6. Bg5 {[%clk 1:26:52]} dxe4 {[%clk 1:22:47]} 7. Bxf6 {[%clk 1:26:27]} exd3
{[%clk 1:18:21]} 8. Bxd8 {[%clk 1:26:36]} dxe2 {[%clk 1:18:46]} 9. Bxc7
{[%clk 1:26:22]} Na6 {[%clk 1:17:50]} 10. Bg3 {[%clk 1:26:41]} Nb4
{[%clk 1:15:20]} 11. Na3 {[%clk 1:27:00]} Rc8 {[%clk 1:10:06]} 12. Kd2
{[%clk 1:22:17]} Ba6 {[%clk 1:03:55]} 13. Rhc1 {[%clk 1:17:13]} g6
{[%clk 1:00:41]} 14. Ng1 {[%clk 1:16:14]} Bh6+ {[%clk 0:55:18]} 15. f4
{[%clk 1:16:38]} g5 {[%clk 0:55:24]} 16. Nh3 {[%clk 1:17:00]} Rd8
{[%clk 0:53:55]} 17. fxg5 {[%clk 1:05:47]} Rxd4+ {[%clk 0:53:35]} 18. Ke1
{[%clk 1:05:22]} Bg7 {[%clk 0:53:46]} 19. Nf2 {[%clk 1:04:53]} Rd5
{[%clk 0:44:24]} 20. c3 {[%clk 1:04:19]} Nd3+ {[%clk 0:39:57]} 21. Nxd3
{[%clk 1:03:50]} Bxd3 {[%clk 0:40:17]} 22. Nc2 {[%clk 1:03:47]} Rxg5
{[%clk 0:38:28]} 23. Nb4 {[%clk 1:03:41]} Be4 {[%clk 0:37:37]} 24. Kxe2
{[%clk 1:03:58]} h5 {[%clk 0:34:35]} 25. Rg1 {[%clk 1:03:51]} h4 {[%clk 0:34:37]}
26. Bb8 {[%clk 1:04:15]} Kd7 {[%clk 0:30:04]} 27. Bf4 {[%clk 0:59:21]} Rxg2+
{[%clk 0:30:06]} 28. Ke3 {[%clk 0:59:49]} Bb7 {[%clk 0:24:54]} 29. Rad1+
{[%clk 0:57:45]} Kc8 {[%clk 0:21:53]} 30. Rxg2 {[%clk 0:57:07]} Bxg2
{[%clk 0:22:21]} 31. Rg1 {[%clk 0:57:28]} h3 {[%clk 0:22:40]} 32. Nc6
{[%clk 0:57:46]} Rh5 {[%clk 0:21:25]} 33. Ne7+ {[%clk 0:54:07]} Kd7
{[%clk 0:20:44]} 34. Ng8 {[%clk 0:54:31]} e5 {[%clk 0:19:46]} 35. Kd4  0-1

[Event "Iranian Men Championship Final 1399"]
[Site "Tehran"]
[Date "2021.04.12"]
[Round "13"]
[Board "1"]
[White "Mousavi, Seyed Khalil"]
[Black "Hakemi, Arman"]
[Result "0-1"]
[WhiteElo "2522"]
[BlackElo "2316"]
[PlyCount "0"]
[EventDate "2021.04.05"]
[EventRounds "15"]
[EventCountry "IRI"]

1. d4 {[%clk 1:30:36]} Nf6 {[%clk 1:30:40]} 2. Nf3 {[%clk 1:30:52]} e6
{[%clk 1:31:03]} 3. Bf4 {[%clk 1:31:09]} d5 {[%clk 1:31:27]} 4. e3
{[%clk 1:31:25]} Bd6 {[%clk 1:31:52]} 5. Ne5 {[%clk 1:30:51]} O-O
{[%clk 1:31:58]} 6. Nd2 {[%clk 1:30:21]} c5 {[%clk 1:32:16]} 7. c3
{[%clk 1:30:31]} Nc6 {[%clk 1:32:24]} 8. Bd3 {[%clk 1:28:17]} Qc7
{[%clk 1:32:14]} 9. Ndf3 {[%clk 1:28:12]} b6 {[%clk 1:31:19]} 10. h4
{[%clk 1:27:05]} Bb7 {[%clk 1:31:19]} 11. h5 {[%clk 1:26:09]} Ne4
{[%clk 1:26:55]} 12. h6 {[%clk 1:23:08]} g6 {[%clk 1:27:03]} 13. Nxc6
{[%clk 1:22:16]} Bxf4 {[%clk 1:09:44]} 14. exf4 {[%clk 1:16:47]} Bxc6
{[%clk 1:10:08]} 15. g3 {[%clk 1:16:25]} c4 {[%clk 0:55:51]} 16. Bc2
{[%clk 1:15:48]} b5 {[%clk 0:56:16]} 17. O-O {[%clk 1:15:13]} Rab8
{[%clk 0:55:45]} 18. Qe2 {[%clk 1:11:22]} f6 {[%clk 0:47:30]} 19. Rfe1
{[%clk 1:02:25]} Rfe8 {[%clk 0:45:27]} 20. Bxe4 {[%clk 0:52:51]} dxe4
{[%clk 0:45:48]} 21. Nd2 {[%clk 0:53:17]} f5 {[%clk 0:45:18]} 22. f3
{[%clk 0:50:27]} g5 {[%clk 0:42:30]} 23. fxg5 {[%clk 0:38:06]} Qxg3+
{[%clk 0:42:39]} 24. Qg2 {[%clk 0:38:32]} Qxg2+ {[%clk 0:37:44]} 25. Kxg2
{[%clk 0:38:52]} e5 {[%clk 0:38:12]} 26. dxe5 {[%clk 0:33:24]} Rbd8
{[%clk 0:23:46]} 27. Rad1 {[%clk 0:33:06]} Rd3 {[%clk 0:22:01]} 28. Nf1
{[%clk 0:33:22]} Rxe5 {[%clk 0:19:28]} 29. Rxd3 {[%clk 0:31:01]} cxd3
{[%clk 0:19:57]} 30. Kg3 {[%clk 0:27:27]} Kf7 {[%clk 0:16:07]} 31. f4
{[%clk 0:24:28]} Rc5 {[%clk 0:11:45]} 32. Ne3 {[%clk 0:22:23]} Be8
{[%clk 0:09:03]} 33. Ra1 {[%clk 0:20:06]} Ke6 {[%clk 0:08:54]} 34. Kf2
{[%clk 0:20:12]} a5 {[%clk 0:08:23]} 35. Ke1 {[%clk 0:20:05]} Rc8
{[%clk 0:07:18]} 36. Kd2 {[%clk 0:19:52]} Bd7 {[%clk 0:07:22]} 37. Rc1
{[%clk 0:18:56]} Rb8 {[%clk 0:07:07]} 38. b3 {[%clk 0:18:05]} Be8
{[%clk 0:07:15]} 39. c4 {[%clk 0:17:48]} bxc4 {[%clk 0:07:09]} 40. Rxc4
{[%clk 0:17:55]} a4 {[%clk 0:07:05]} 41. b4 {[%clk 0:17:10]} a3 {[%clk 0:07:31]}
42. Nd1 {[%clk 0:11:51]} Bh5 43. Nc3 {[%clk 0:09:21]} Rb6 {[%clk 0:02:39]} 44. b5
{[%clk 0:07:53]} Rd6 {[%clk 0:02:32]} 45. Rb4 {[%clk 0:06:57]} Kd7
{[%clk 0:02:35]} 46. Ra4 {[%clk 0:05:07]} Bg6 {[%clk 0:01:51]} 47. Ra7+
{[%clk 0:04:42]} Kc8 {[%clk 0:02:17]} 48. Re7 {[%clk 0:05:00]} Kb8
{[%clk 0:02:20]} 49. Re5 {[%clk 0:05:15]} Rd4 {[%clk 0:02:21]} 50. Re6
{[%clk 0:03:14]} Rb4 {[%clk 0:02:44]} 51. Nd1 {[%clk 0:02:58]} Rb2+
{[%clk 0:03:06]} 52. Ke3 {[%clk 0:02:54]} Rxa2 {[%clk 0:03:11]} 53. Ra6
{[%clk 0:02:25]} Re2+ {[%clk 0:03:07]} 54. Kd4 {[%clk 0:02:55]} a2
{[%clk 0:02:53]} 55. Nc3 {[%clk 0:01:51]} d2 {[%clk 0:03:03]} 56. Ke5
{[%clk 0:01:55]} Re1 {[%clk 0:02:17]} 57. Rxa2 {[%clk 0:02:10]} d1=Q
{[%clk 0:02:21]} 58. Nxd1 {[%clk 0:02:35]} Rxd1 {[%clk 0:02:47]} 59. Kf6
{[%clk 0:02:41]} e3 {[%clk 0:02:56]} 60. Kg7 {[%clk 0:02:38]} Kb7
{[%clk 0:02:56]} 61. Rc2 {[%clk 0:02:48]} Rd4  0-1

[Event "Iranian Men Championship Final 1399"]
[Site "Tehran"]
[Date "2021.04.12"]
[Round "13"]
[Board "2"]
[White "Gholami Orimi, Mahdi"]
[Black "Nikookar, Mahdi"]
[Result "1-0"]
[WhiteElo "2428"]
[BlackElo "2239"]
[PlyCount "0"]
[EventDate "2021.04.05"]
[EventRounds "15"]
[EventCountry "IRI"]

1. d4 {[%clk 1:30:57]} f5 {[%clk 1:30:24]} 2. Nc3 {[%clk 1:31:01]} Nf6
{[%clk 1:30:22]} 3. Bg5 {[%clk 1:31:22]} d5 {[%clk 1:30:47]} 4. f3
{[%clk 1:31:44]} Nc6 {[%clk 1:31:04]} 5. Qd2 {[%clk 1:31:37]} e6 {[%clk 1:29:45]}
6. e3 {[%clk 1:31:52]} Be7 {[%clk 1:26:35]} 7. O-O-O {[%clk 1:31:20]} O-O
{[%clk 1:26:14]} 8. Nge2 {[%clk 1:29:07]} b5 9. Nxb5 {[%clk 1:27:30]} Rb8
{[%clk 1:16:55]} 10. Nf4 {[%clk 1:26:52]} a6 {[%clk 1:13:41]} 11. Nc3
{[%clk 1:26:11]} Qd6 {[%clk 1:13:18]} 12. Nd3 {[%clk 1:22:55]} Qa3
{[%clk 1:11:48]} 13. Qe1 {[%clk 0:59:50]} Qa5 {[%clk 1:09:11]} 14. a3
{[%clk 0:58:22]} Bd7 {[%clk 1:06:17]} 15. Nb1 {[%clk 0:53:45]} Qb6
{[%clk 0:53:11]} 16. Qc3 {[%clk 0:42:14]} e5 {[%clk 0:53:22]} 17. Bxf6
{[%clk 0:38:32]} Bxf6 {[%clk 0:43:08]} 18. Nxe5 {[%clk 0:36:37]} Bxe5
{[%clk 0:43:32]} 19. dxe5 {[%clk 0:37:01]} Be6 {[%clk 0:44:01]} 20. f4
{[%clk 0:30:54]} Na7 {[%clk 0:44:05]} 21. b4 {[%clk 0:29:12]} c5 {[%clk 0:40:49]}
22. Qxc5 {[%clk 0:28:56]} Qb7 {[%clk 0:41:14]} 23. Qd6 {[%clk 0:29:03]} Qf7
{[%clk 0:41:29]} 24. Bxa6 {[%clk 0:26:56]} Rfd8 {[%clk 0:41:36]} 25. Qc5
{[%clk 0:27:19]} Nc8 {[%clk 0:41:39]} 26. Rd4 {[%clk 0:25:42]} Nb6
{[%clk 0:39:05]} 27. Rhd1 {[%clk 0:24:00]} Bc8 {[%clk 0:37:51]} 28. Be2
{[%clk 0:21:48]} Be6 {[%clk 0:38:06]} 29. b5 {[%clk 0:21:42]}  1-0

[Event "Iranian Men Championship Final 1399"]
[Site "Tehran"]
[Date "2021.04.12"]
[Round "13"]
[Board "3"]
[White "Jahedi, Mani"]
[Black "Maghsoodloo, Parham"]
[Result "0-1"]
[WhiteElo "2201"]
[BlackElo "2676"]
[PlyCount "0"]
[EventDate "2021.04.05"]
[EventRounds "15"]
[EventCountry "IRI"]

1. e4 {[%clk 1:30:57]} c5 {[%clk 1:30:31]} 2. Nf3 {[%clk 1:31:17]} Nc6
{[%clk 1:30:55]} 3. d4 {[%clk 1:31:19]} cxd4 {[%clk 1:31:18]} 4. Nxd4
{[%clk 1:31:43]} Nf6 {[%clk 1:31:16]} 5. Nc3 {[%clk 1:32:06]} d6 {[%clk 1:31:42]}
6. Bg5 {[%clk 1:32:10]} e6 {[%clk 1:32:05]} 7. Be2 {[%clk 1:31:32]} Be7
{[%clk 1:28:01]} 8. Qd2 {[%clk 1:29:50]} a6 {[%clk 1:27:55]} 9. O-O-O
{[%clk 1:28:10]} Bd7 {[%clk 1:28:20]} 10. f4 {[%clk 1:25:55]} b5 {[%clk 1:20:31]}
11. Bf3 {[%clk 1:11:00]} Rc8 {[%clk 1:20:08]} 12. Bxf6 {[%clk 1:00:21]} gxf6
{[%clk 1:19:35]} 13. Nxc6 {[%clk 0:55:05]} Bxc6 {[%clk 1:19:58]} 14. Ne2
{[%clk 0:54:49]} Qb6 {[%clk 1:15:18]} 15. Nd4 {[%clk 0:53:14]} Bd7
{[%clk 1:12:39]} 16. Bh5 {[%clk 0:44:03]} Bf8 {[%clk 1:06:35]} 17. g4
{[%clk 0:34:36]} Qc5 {[%clk 0:59:48]} 18. Kb1 {[%clk 0:32:45]} Rg8
{[%clk 0:59:40]} 19. h4 {[%clk 0:26:04]} Ke7 {[%clk 0:54:23]} 20. Rhf1
{[%clk 0:24:42]} Bg7 {[%clk 0:51:38]} 21. e5 {[%clk 0:17:19]} d5 {[%clk 0:50:04]}
22. f5 {[%clk 0:11:57]} fxe5 {[%clk 0:49:37]} 23. fxe6 {[%clk 0:11:35]} fxe6
{[%clk 0:43:50]} 24. Rf7+ {[%clk 0:03:43]} Kd6 {[%clk 0:44:17]} 25. Qg5
{[%clk 0:03:25]} exd4 {[%clk 0:44:14]} 26. Qe7+ {[%clk 0:03:42]} Kc6
{[%clk 0:44:43]} 27. Qxd7+ {[%clk 0:04:02]} Kb6 {[%clk 0:45:12]} 28. Qxe6+
{[%clk 0:02:58]} Rc6 {[%clk 0:44:51]} 29. Qf5 {[%clk 0:02:53]} Bh8
{[%clk 0:44:06]} 30. Qxh7 {[%clk 0:02:08]} Rgc8 {[%clk 0:43:48]} 31. Rb7+
{[%clk 0:00:38]} Ka5 {[%clk 0:44:17]} 32. a3 {[%clk 0:00:38]} Qxc2+
{[%clk 0:44:29]} 33. Qxc2 {[%clk 0:01:04]} Rxc2 {[%clk 0:44:54]} 34. Rd3
{[%clk 0:00:55]} Rc1+ {[%clk 0:42:34]} 35. Ka2 {[%clk 0:01:25]} Re1
{[%clk 0:43:03]} 36. Bf7 {[%clk 0:00:31]} Re3 {[%clk 0:43:14]} 37. Bg6 Rc1
{[%clk 0:42:16]} 38. b4+ {[%clk 0:00:33]} Ka4 {[%clk 0:42:44]} 39. Kb2
{[%clk 0:00:37]} Rc6 {[%clk 0:42:27]} 40. Bf5 {[%clk 0:00:35]} Re2+
{[%clk 0:42:26]} 41. Kb1 {[%clk 0:01:05]} Rc3 {[%clk 0:42:28]} 42. Ra7
{[%clk 0:00:31]} Kb3 {[%clk 0:42:48]} 43. Rd1 {[%clk 0:00:34]} d3
{[%clk 0:42:53]} 44. Bxd3 {[%clk 0:00:37]} Rb2+ {[%clk 0:43:19]} 45. Ka1
{[%clk 0:01:03]} Rc1+ {[%clk 0:43:46]}  0-1

[Event "Iranian Men Championship Final 1399"]
[Site "Tehran"]
[Date "2021.04.12"]
[Round "13"]
[Board "4"]
[White "Mosadeghpour, Masoud"]
[Black "Veisi, Bardia"]
[Result "1/2-1/2"]
[WhiteElo "2498"]
[BlackElo "2273"]
[PlyCount "0"]
[EventDate "2021.04.05"]
[EventRounds "15"]
[EventCountry "IRI"]

1. e4 {[%clk 1:29:56]} c5 {[%clk 1:28:56]} 2. d4 {[%clk 1:29:41]} cxd4
{[%clk 1:28:56]} 3. c3 {[%clk 1:30:03]} dxc3 {[%clk 1:28:52]} 4. Nxc3
{[%clk 1:30:24]} Nc6 {[%clk 1:29:15]} 5. Nf3 {[%clk 1:30:50]} e6 {[%clk 1:28:53]}
6. Bc4 {[%clk 1:31:15]} Bb4 {[%clk 1:29:05]} 7. O-O {[%clk 1:31:22]} Nge7
{[%clk 1:29:26]} 8. e5 {[%clk 1:21:51]} Ng6 {[%clk 1:26:02]} 9. Qe2
{[%clk 1:15:56]} O-O {[%clk 1:24:08]} 10. Bd2 {[%clk 1:06:58]} a6
{[%clk 1:18:44]} 11. Rad1 {[%clk 0:58:22]} Be7 {[%clk 1:09:48]} 12. Bd3
{[%clk 0:53:41]} Qc7 {[%clk 1:04:50]} 13. Rfe1 {[%clk 0:50:34]} d6
{[%clk 0:51:57]} 14. exd6 {[%clk 0:47:21]} Bxd6 {[%clk 0:52:18]} 15. Bxg6
{[%clk 0:45:29]} hxg6 {[%clk 0:51:54]} 16. Ne4 {[%clk 0:45:52]} Bf4
{[%clk 0:39:50]} 17. Nfg5 {[%clk 0:14:54]} Bxd2 {[%clk 0:24:33]} 18. Nxd2
{[%clk 0:10:50]} Qf4 {[%clk 0:21:02]} 19. Nde4 {[%clk 0:08:23]} f6
{[%clk 0:16:28]} 20. Nh3 {[%clk 0:06:15]} Qh4 {[%clk 0:14:35]} 21. Qc4
{[%clk 0:04:47]} g5 {[%clk 0:12:37]} 22. Re3 {[%clk 0:02:57]} Ne5
{[%clk 0:10:36]} 23. Qb3 {[%clk 0:02:52]} Nf7 {[%clk 0:09:51]} 24. Rd4
{[%clk 0:02:03]} Qh5 {[%clk 0:10:13]} 25. f4 {[%clk 0:01:58]} g4 {[%clk 0:04:17]}
26. Nhf2 {[%clk 0:02:26]} b5 {[%clk 0:02:57]} 27. Nxg4 {[%clk 0:01:00]} Qxg4
{[%clk 0:01:00]} 28. Nxf6+ {[%clk 0:01:29]} gxf6 {[%clk 0:01:20]} 29. Rg3
{[%clk 0:01:57]} f5 {[%clk 0:01:28]} 30. Qf3 {[%clk 0:00:47]} Qxg3
{[%clk 0:01:11]} 31. Qxg3+ {[%clk 0:01:17]} Kh7 {[%clk 0:01:30]} 32. Qh4+
{[%clk 0:00:59]} Nh6 {[%clk 0:01:48]} 33. h3 {[%clk 0:00:44]} Rg8
{[%clk 0:01:17]} 34. Rd8 {[%clk 0:00:33]} Rg7 {[%clk 0:01:33]} 35. g4
{[%clk 0:00:34]} fxg4 {[%clk 0:01:56]} 36. f5 {[%clk 0:00:57]} gxh3+
{[%clk 0:01:14]} 37. Kf2 {[%clk 0:00:32]} Bb7 {[%clk 0:01:39]} 38. Rxa8
{[%clk 0:00:34]} Bxa8 {[%clk 0:02:02]} 39. fxe6 {[%clk 0:00:57]} h2
{[%clk 0:01:01]} 40. e7 {[%clk 0:01:16]} h1=Q {[%clk 0:00:46]} 41. Qxh1
{[%clk 0:01:40]} Bxh1 {[%clk 0:01:02]} 42. e8=Q {[%clk 0:02:07]} Bb7
{[%clk 0:01:08]} 43. Ke3 {[%clk 0:02:06]} Ng4+ {[%clk 0:01:18]} 44. Kd4
{[%clk 0:02:18]} Nf6 {[%clk 0:01:41]} 45. Qe6 {[%clk 0:02:41]} Ne4
{[%clk 0:01:29]} 46. b4 {[%clk 0:02:02]} Ng5 {[%clk 0:01:50]} 47. Qf5+
{[%clk 0:02:22]} Kg8 {[%clk 0:02:09]} 48. Kc5 {[%clk 0:02:24]} Be4
{[%clk 0:00:43]} 49. Qc8+ {[%clk 0:02:33]} Kh7 {[%clk 0:01:03]} 50. Qxa6
{[%clk 0:02:25]} Rc7+ {[%clk 0:00:50]} 51. Kd4 {[%clk 0:02:54]} Rc4+
{[%clk 0:00:46]} 52. Ke3 {[%clk 0:03:15]} Bc6 {[%clk 0:00:35]} 53. a4
{[%clk 0:03:10]} Ne6 {[%clk 0:00:38]} 54. a5 {[%clk 0:01:40]} Kg6
{[%clk 0:00:54]} 55. Qc8 {[%clk 0:01:38]} Kf5 {[%clk 0:00:59]} 56. a6
{[%clk 0:01:58]} Bd5 {[%clk 0:01:13]} 57. Qd7 {[%clk 0:01:12]} Bc6
{[%clk 0:01:29]} 58. Qf7+ {[%clk 0:00:33]} Ke5 {[%clk 0:01:51]} 59. a7
{[%clk 0:00:43]} Rxb4 {[%clk 0:02:05]} 60. Qh5+ {[%clk 0:00:37]} Kd6
{[%clk 0:02:04]} 61. Qh2+ {[%clk 0:01:05]} Rf4 {[%clk 0:01:27]} 62. Qd2+
{[%clk 0:00:45]} Rd4 {[%clk 0:01:47]} 63. Qh2+ {[%clk 0:00:47]} Rf4
{[%clk 0:01:48]} 64. Qd2+ {[%clk 0:01:10]} Kc5 {[%clk 0:01:22]} 65. Qc3+
{[%clk 0:00:48]} Rc4 {[%clk 0:00:50]} 66. Qe5+ {[%clk 0:01:05]} Kb6
{[%clk 0:01:00]} 67. Qb8+ {[%clk 0:01:30]} Kc5 {[%clk 0:01:11]} 68. Qe5+
{[%clk 0:00:36]} Kb6 {[%clk 0:01:32]} 69. Qb8+ {[%clk 0:01:02]} Kc5
{[%clk 0:01:56]} 70. a8=Q {[%clk 0:00:49]} Bxa8 {[%clk 0:02:17]} 71. Qxa8
{[%clk 0:01:16]} Nd4 {[%clk 0:02:36]} 72. Qf8+ {[%clk 0:01:09]} Kb6
{[%clk 0:02:54]} 73. Qd8+ {[%clk 0:01:18]} Kc5 {[%clk 0:03:12]} 74. Qf8+
{[%clk 0:01:00]} Kb6 {[%clk 0:03:36]} 75. Qb8+ {[%clk 0:01:26]} Ka5
{[%clk 0:03:49]} 76. Qa7+  1/2-1/2